01678nam a2200349 a 4500001001000000003000900010005001700019007001000036008002900046020001800075040002200093082002700115100003600142245018900178260005700367300004200424490003500466500007000501500004000571504007400611534016100685590002600846650004000872650004900912650005700961651004401018710004401062910003901106942001201145952015401157999001701311000007137DO-SdBNP20240320124424.0000007137090717s2013 mx 001 0 spa d z9789681652692 aBPMSUbspacBPMSU 4a972.02bL816n 20132221 aLockhart, James Marvin. d1933-10aLos Nahuas después de la conquista :bhistoria social y cultural de los indios del México central, del siglo XVI al XVIII /cJames Lockhart ; traducción de Roberto Reyes Mazzoni  aMéxico : bFondo de Cultura Económica ;c2008b  a717 p. : bil., mapas ; c23 cm.0 aSección de obras de historia aIncluye datos biográficos del autor en la solapa de la cubierta aIncluye bibliografía e índice.  aIncluye referencias bibliográficas y notas al pie de las páginas  pTítulo original :tThe nahuas after the conquest. A social and cultural history of the indians of central Mexico, sixteenth through eighteenth centuries.  aInventariado, 2024/VM 4aNahuas xVida social y costumbres.  4aNahuasxHistoriografía ySiglos XVI-XVII.  4aIndígenas de México xVida social y costumbres.  4aMéxico xHistoriaySiglos XVI-XVIII. 2 aFondo de Cultura Económica (México) aVMateo V. Control de calidad BPMSU 2ddccBK 00102ddc40708CGaBPMETbBPMETd2024-03-20eFondo de Cultura Económical0oBPMSU CG 972.02 L816n 2013pBPMSU24030068r2024-03-20w2024-03-20yBK c14606d14606